000 00965nam a2200277 a 4500
001 000012920
003 DO-SdBNP
005 20150813153625.0
007 000012920
008 140626s2014 dr a 000 0 spa d
020 _a9789945889376
040 _aBPMSU
_bspa
_cBPMSU
092 _axxxx
_bxxxx
100 1 _aLuciano López, Margarita
245 1 0 _aDe escuela, tesoros y amigos :
_bnovela infanto-juvenil /
_cMargarita Luciano López ; ilustraciones Maritza Miari G.
260 _aSanto Domingo :
_bOpus,
_c2014.
300 _a133 p. :
_bil. ;
_c22 cm.
500 _aIncluye datos biográficos de la autora en la contracubierta
500 _aIncluye notas a pie de páginas
930 1 _lBND01
_mLF1
_820091118
_f01
_pHD
_g7855
930 1 _lBND01
_mLF1
_820150812
_f01
_pHD
_g50064
_he. 2
942 _2ddc
_cBK
956 _aBTAVAREZ
_b10
_c20100211
_lBND01
_h1548
956 _aYLOCKWARD
_b10
_c20150812
_lBND01
_h1544
956 _aVMATEO
_b10
_c20150813
_lBPMSU
_h00151
999 _c8201
_d8201